[Event "Helsingor Xtracon op"]
[Site "Helsingor"]
[Date "2019.07.24"]
[Round "6"]
[White "Skjoldager, Per"]
[Black "Nielsen, Palle"]
[Result "1-0"]
[WhiteElo "2081"]
[BlackElo "1806"]
[PlyCount "73"]
[EventDate "2019.07.20"]
[EventType "swiss"]
[EventRounds "10"]
[EventCountry "DEN"]
[SourceTitle "CBM 191 Extra"]
[Source "ChessBase"]
[SourceDate "2019.09.30"]
[SourceVersion "1"]
[SourceVersionDate "2019.09.30"]
[SourceQuality "1"]

1. e4 c5 2. c3 d6 3. Nf3 Nf6 4. Qc2 Nbd7 5. d4 cxd4 6. cxd4 a6 7. a4 b6 8. Nc3 e6 9. Bd3 Bb7 10. 0-0 h6 11. h3 Rc8 12. Qe2 Ra8 13. Bf4 Be7 14. Rfe1 0-0 15. Rac1 Ne8 16. Bb1 g5 17. Bh2 Ng7 18. g4 Re8 19. e5 d5 20. Qd3 Nf8 21. Nd2 Ng6 22. h4 gxh4 23. f4 Nf8 24. f5 exf5 25. gxf5 Bg5 26. Re2 b5 27. Rg2 b4 28. Ne2 a5 29. Nf4 Qb6 30. f6 Nge6 31. Nf3 Rec8 32. Rd1 Ba6 33. Qf5 Nxd4 34. Nxd4 Rc4 35. Rxg5+ hxg5 36. Qxg5+ Ng6 37. Qh6 1-0

[Event "Helsingor Xtracon op"]
[Site "Helsingor"]
[Date "2019.07.20"]
[Round "1"]
[White "Sundin, Sven Ingvar"]
[Black "Skjoldager, Per"]
[Result "0-1"]
[WhiteElo "1632"]
[BlackElo "2081"]
[PlyCount "70"]
[EventDate "2019.07.20"]
[EventType "swiss"]
[EventRounds "10"]
[EventCountry "DEN"]
[SourceTitle "CBM 191 Extra"]
[Source "ChessBase"]
[SourceDate "2019.09.30"]
[SourceVersion "1"]
[SourceVersionDate "2019.09.30"]
[SourceQuality "1"]

1. e4 c6 2. d4 d5 3. e5 Bf5 4. h4 h5 5. Bd3 Bxd3 6. Qxd3 e6 7. Bg5 Qd7 8. Nf3 c5 9. c3 Nc6 10. 0-0 Nge7 11. Nbd2 Nf5 12. Rfd1 Be7 13. g3 f6 14. exf6 gxf6 15. Bf4 0-0-0 16. Nf1 Rde8 17. Ne3 Nd6 18. dxc5 Ne4 19. Nc2 Bxc5 20. Be3 Bxe3 21. Nxe3 f5 22. c4 d4 23. Nc2 e5 24. b4 Rhg8 25. Nd2 Nc3 26. b5 Nd8 27. Re1 f4 28. Kh2 Rg4 29. Rg1 Reg8 30. Rg2 Nf7 31. Ne4 Nxe4 32. Qxe4 fxg3+ 33. Rxg3 Rxe4 34. Rxg8+ Nd8 35. Nb4 Rxh4+ 0-1

[Event "DEN-chT 1819 57th"]
[Site "Denmark"]
[Date "2019.01.12"]
[Round "5.4"]
[White "Hansen, Lars"]
[Black "Skjoldager, Per"]
[Result "1/2-1/2"]
[WhiteElo "2220"]
[BlackElo "2087"]
[PlyCount "68"]
[EventDate "2018.10.27"]
[EventType "team-tourn"]
[EventRounds "9"]
[EventCountry "DEN"]
[SourceTitle "CBM 188 Extra"]
[Source "ChessBase"]
[SourceDate "2019.02.26"]
[SourceVersion "1"]
[SourceVersionDate "2019.02.26"]
[SourceQuality "1"]
[WhiteTeam "Copenhagen 68"]
[BlackTeam "Evans"]
[WhiteTeamCountry "DEN"]
[BlackTeamCountry "DEN"]

1. d4 Nf6 2. Bg5 d5 3. Bxf6 exf6 4. e3 Bd6 5. c4 c6 6. Nc3 dxc4 7. Bxc4 Nd7 8. Qc2 Nb6 9. Bd3 Be6 10. Nge2 Qe7 11. Ng3 Nd5 12. Nxd5 Bxd5 13. 0-0 Bxg3 14. hxg3 g6 15. e4 Be6 16. f4 Rd8 17. f5 Qd6 18. d5 gxf5 19. Qc3 Bc8 20. exf5 Rg8 21. Rae1+ Kf8 22. Rf3 Rg5 23. dxc6 bxc6 24. Rc1 Rxg3 25. Rxg3 Qxg3 26. Be4 Qg5 27. Qc5+ Kg7 28. Rf1 Ba6 29. Rf3 Rd1+ 30. Kh2 Be2 31. Rg3 Rh1+ 32. Kxh1 Qxg3 33. Qxc6 Qe1+ 34. Kh2 Qh4+ 1/2-1/2

[Event "Helsingor Xtracon op"]
[Site "Helsingor"]
[Date "2018.07.24"]
[Round "5"]
[White "Berg, Klaus"]
[Black "Skjoldager, Per"]
[Result "1/2-1/2"]
[WhiteElo "2322"]
[BlackElo "2104"]
[PlyCount "52"]
[EventDate "2018.07.21"]
[EventType "swiss"]
[EventRounds "10"]
[EventCountry "DEN"]
[SourceTitle "CBM 185 Extra"]
[Source "ChessBase"]
[SourceDate "2018.07.29"]
[SourceVersion "1"]
[SourceVersionDate "2018.07.29"]
[SourceQuality "1"]

1. d4 Nf6 2. c4 e6 3. Nc3 d5 4. cxd5 exd5 5. Bg5 Be7 6. e3 Nbd7 7. Bd3 b6 8. Nf3 Bb7 9. Qc2 c5 10. 0-0 0-0 11. Rad1 h6 12. Bh4 Re8 13. Rfe1 a6 14. Bf5 c4 15. Ne5 Qc7 16. Bg3 Bd6 17. Nxd7 Nxd7 18. e4 Bxg3 19. hxg3 dxe4 20. Nxe4 Bxe4 21. Bxe4 Rad8 22. b3 b5 23. bxc4 bxc4 24. Qa4 Nf6 25. Bc2 Rxe1+ 26. Rxe1 a5 1/2-1/2

[Event "Helsingor Xtracon op"]
[Site "Helsingor"]
[Date "2017.07.30"]
[Round "10"]
[White "Stojanovski, Sandi"]
[Black "Skjoldager, Per"]
[Result "1-0"]
[WhiteElo "2268"]
[BlackElo "2126"]
[PlyCount "103"]
[EventDate "2017.07.22"]
[EventType "swiss"]
[EventRounds "10"]
[EventCountry "DEN"]
[SourceTitle "CBM 179 Extra"]
[Source "ChessBase"]
[SourceDate "2017.08.23"]
[SourceVersion "1"]
[SourceVersionDate "2017.08.23"]
[SourceQuality "1"]

1. c4 e6 2. g3 Nf6 3. Bg2 d5 4. Nf3 Be7 5. 0-0 0-0 6. b3 b6 7. Bb2 Nbd7 8. cxd5 exd5 9. Nd4 Bb7 10. Nf5 Re8 11. Nxe7+ Qxe7 12. Nc3 Ne4 13. Nxe4 dxe4 14. Rc1 c5 15. b4 Qe6 16. a3 Bd5 17. Qc2 Rad8 18. Qa4 a5 19. bxa5 b5 20. Qc2 f6 21. d3 exd3 22. Bxd5 Qxd5 23. exd3 Ra8 24. Rfe1 Rxe1+ 25. Rxe1 Ne5 26. Bxe5 fxe5 27. Qb2 Qxd3 28. Qxe5 Qd4 29. Qe6+ Kf8 30. Re4 Qa1+ 31. Kg2 g6 32. Rf4+ Kg7 33. Rf7+ Kh8 34. Qe7 Kg8 35. Rxh7 Rf8 36. Rh4 Qg7 37. Qxg7+ Kxg7 38. Re4 Rc8 39. Re5 Kf6 40. f4 c4 41. Rxb5 c3 42. Rb1 Ke6 43. Kf3 c2 44. Rc1 Kf5 45. Ke3 Rc3+ 46. Kd4 Rxa3 47. Rxc2 Ra4+ 48. Rc4 Ra2 49. Rc5+ Kf6 50. h4 Ra3 51. Rg5 Rf3 52. Kc5 1-0

[Event "Helsingor Xtracon op"]
[Site "Helsingor"]
[Date "2017.07.29"]
[Round "9"]
[White "Skjoldager, Per"]
[Black "Greeuw, Sietske"]
[Result "1-0"]
[WhiteElo "2126"]
[BlackElo "1964"]
[PlyCount "75"]
[EventDate "2017.07.22"]
[EventType "swiss"]
[EventRounds "10"]
[EventCountry "DEN"]
[SourceTitle "CBM 179 Extra"]
[Source "ChessBase"]
[SourceDate "2017.08.23"]
[SourceVersion "1"]
[SourceVersionDate "2017.08.23"]
[SourceQuality "1"]

1. e4 d5 2. exd5 Qxd5 3. Nc3 Qd8 4. d4 e6 5. Nf3 Nf6 6. Bd3 Be7 7. 0-0 Nc6 8. a3 Nd5 9. Ne2 g5 10. Re1 g4 11. Ne5 Nxe5 12. dxe5 h5 13. c4 Nb6 14. Qc2 h4 15. Bf4 Bg5 16. Rad1 Bxf4 17. Nxf4 g3 18. Be4 gxh2+ 19. Kh1 Qg5 20. Nh3 Qe7 21. c5 Nd5 22. c6 b6 23. Qd2 Ba6 24. Bxd5 0-0-0 25. Qg5 Qxg5 26. Nxg5 Rxd5 27. Rxd5 exd5 28. Nxf7 Rg8 29. Nh6 Rg6 30. e6 Kd8 31. Nf5 h3 32. g3 Bc8 33. Nd4 Rg4 34. e7+ Ke8 35. Nb5 Re4 36. Nxc7+ Kxe7 37. Nxd5+ Kd6 38. Rxe4 1-0

[Event "Helsingor Xtracon op"]
[Site "Helsingor"]
[Date "2017.07.25"]
[Round "5"]
[White "Skjoldager, Per"]
[Black "Moller, Arne Vagn"]
[Result "1-0"]
[WhiteElo "2126"]
[BlackElo "1890"]
[PlyCount "121"]
[EventDate "2017.07.22"]
[EventType "swiss"]
[EventRounds "10"]
[EventCountry "DEN"]
[SourceTitle "CBM 179 Extra"]
[Source "ChessBase"]
[SourceDate "2017.08.23"]
[SourceVersion "1"]
[SourceVersionDate "2017.08.23"]
[SourceQuality "1"]

1. e4 c5 2. c3 d5 3. exd5 Qxd5 4. d4 Nc6 5. Nf3 Bg4 6. dxc5 Qxd1+ 7. Kxd1 0-0-0+ 8. Nbd2 Ne5 9. Be2 Nxf3 10. Bxf3 Bxf3+ 11. gxf3 g6 12. Kc2 h5 13. Ne4 Nh6 14. Be3 Bg7 15. Rad1 Nf5 16. Ng5 Nxe3+ 17. fxe3 Rxd1 18. Rxd1 f6 19. Ne6 Bh6 20. Kd3 Kd7 21. Nf4 Bxf4 22. exf4 Kc6 23. Kc4 b5+ 24. cxb6 axb6 25. a4 Ra8 26. b3 Ra5 27. Rd4 Rf5 28. Kd3 e5 29. Rc4+ Kd5 30. Ke3 g5 31. fxg5 fxg5 32. Rb4 Kc6 33. h4 Kc5 34. hxg5 Rxg5 35. Rh4 Kc6 36. b4 Kc7 37. Ke4 Kc6 38. c4 Kd6 39. Rh1 Kc6 40. Rh2 Kd6 41. Rh3 Kc6 42. a5 bxa5 43. bxa5 Kc5 44. a6 Kb6 45. Kd5 Kxa6 46. Ke6 Kb6 47. Kf6 Rg1 48. Kxe5 Kc5 49. Rxh5 Kxc4 50. f4 Kc5 51. Ke6+ Kc6 52. Re5 Kc7 53. Rd5 Re1+ 54. Kf6 Kc6 55. Rd2 Rf1 56. f5 Rf3 57. Ke6 Re3+ 58. Kf7 Rf3 59. f6 Rf1 60. Ke7 Re1+ 61. Kf8 1-0

[Event "Helsingor Xtracon op"]
[Site "Helsingor"]
[Date "2016.07.30"]
[Round "9"]
[White "Skjoldager, Per"]
[Black "Jensson, Einar Hjalti"]
[Result "0-1"]
[WhiteElo "2160"]
[BlackElo "2371"]
[PlyCount "34"]
[EventDate "2016.07.23"]
[EventType "swiss"]
[EventRounds "10"]
[EventCountry "DEN"]
[SourceTitle "CBM 173 Extra"]
[Source "ChessBase"]
[SourceDate "2016.08.29"]
[SourceVersion "1"]
[SourceVersionDate "2016.08.29"]
[SourceQuality "1"]

1. e4 d6 2. d4 Nf6 3. Bd3 g6 4. Nf3 Bg7 5. 0-0 0-0 6. h3 Nc6 7. c3 e5 8. dxe5 Nxe5 9. Nxe5 dxe5 10. Qe2 Nh5 11. Rd1 Qh4 12. Qf1 f5 13. Nd2 f4 14. b3 f3 15. g3 Nxg3 16. fxg3 Qxg3+ 17. Kh1 Bxh3 0-1

[Event "Politiken Cup 37th"]
[Site "Helsingor"]
[Date "2015.07.31"]
[Round "8"]
[White "Skovgaard, Tom"]
[Black "Skjoldager, Per"]
[Result "0-1"]
[WhiteElo "2022"]
[BlackElo "2170"]
[PlyCount "100"]
[EventDate "2015.07.25"]
[EventType "swiss"]
[EventRounds "10"]
[EventCountry "DEN"]
[SourceTitle "CBM 167 Extra"]
[Source "ChessBase"]
[SourceDate "2015.09.14"]
[SourceVersion "1"]
[SourceVersionDate "2015.09.14"]
[SourceQuality "1"]

1. e4 c6 2. d4 d5 3. Nc3 dxe4 4. Nxe4 Bf5 5. Ng3 Bg6 6. Nf3 Nd7 7. h4 h6 8. h5 Bh7 9. Bd3 Bxd3 10. Qxd3 e6 11. Bd2 Ngf6 12. 0-0-0 Be7 13. Kb1 0-0 14. Ne4 Nxe4 15. Qxe4 Nf6 16. Qe2 Qd5 17. c4 Qf5+ 18. Ka1 b5 19. Ne5 Rac8 20. f3 Rfd8 21. Be3 bxc4 22. g4 Qh7 23. Qxc4 Nd5 24. Bd2 c5 25. Qa6 Bg5 26. Qxa7 Rc7 27. Qa5 Bxd2 28. Rxd2 cxd4 29. Rxd4 Rdc8 30. a3 Rc1+ 31. Rxc1 Rxc1+ 32. Ka2 Qb1+ 33. Kb3 Qc2+ 34. Ka2 Nc3+ 35. Qxc3 Qb1+ 36. Kb3 Rxc3+ 37. Kxc3 Qe1+ 38. Kc4 Qxe5 39. b4 Qc7+ 40. Kb3 Qb7 41. Rd3 Qb5 42. Rc3 g6 43. hxg6 fxg6 44. a4 Qd5+ 45. Ka3 Qd4 46. Kb3 h5 47. gxh5 gxh5 48. a5 h4 49. a6 h3 50. Rc5 Qd3+ 0-1

[Event "Politiken Cup 37th"]
[Site "Helsingor"]
[Date "2015.07.28"]
[Round "5"]
[White "Sjodahl, Pontus"]
[Black "Skjoldager, Per"]
[Result "1-0"]
[WhiteElo "2425"]
[BlackElo "2170"]
[PlyCount "53"]
[EventDate "2015.07.25"]
[EventType "swiss"]
[EventRounds "10"]
[EventCountry "DEN"]
[SourceTitle "CBM 167 Extra"]
[Source "ChessBase"]
[SourceDate "2015.09.14"]
[SourceVersion "1"]
[SourceVersionDate "2015.09.14"]
[SourceQuality "1"]

1. d4 Nf6 2. c4 e6 3. Nc3 d5 4. cxd5 exd5 5. Bg5 Be7 6. e3 0-0 7. Bd3 c6 8. Qc2 Nbd7 9. Nge2 Re8 10. 0-0 Nf8 11. f3 Nh5 12. Bxe7 Qxe7 13. e4 dxe4 14. fxe4 Qg5 15. Kh1 Bg4 16. Bc4 Ne6 17. d5 cxd5 18. exd5 Bxe2 19. Nxe2 Nef4 20. Nxf4 Nxf4 21. g3 Qg6 22. Rac1 Qxc2 23. Rxc2 Ng6 24. d6 Ne5 25. Bb3 Rec8 26. Re2 Nc4 27. d7 1-0

[Event "Politiken Cup 37th"]
[Site "Helsingor"]
[Date "2015.07.25"]
[Round "1"]
[White "Lund, Gunnar"]
[Black "Skjoldager, Per"]
[Result "1/2-1/2"]
[WhiteElo "1765"]
[BlackElo "2170"]
[PlyCount "99"]
[EventDate "2015.07.25"]
[EventType "swiss"]
[EventRounds "10"]
[EventCountry "DEN"]
[SourceTitle "CBM 167 Extra"]
[Source "ChessBase"]
[SourceDate "2015.09.14"]
[SourceVersion "1"]
[SourceVersionDate "2015.09.14"]
[SourceQuality "1"]

1. e4 c6 2. d4 d5 3. exd5 cxd5 4. Bd3 Nc6 5. c3 Nf6 6. Nf3 Bg4 7. h3 Bh5 8. Bf4 e6 9. Nbd2 Bd6 10. Bxd6 Qxd6 11. Qe2 a6 12. g4 Bg6 13. 0-0-0 Rc8 14. Kb1 Qf4 15. Bxg6 hxg6 16. Ne5 Nxe5 17. dxe5 Nd7 18. Rde1 Nc5 19. h4 Na4 20. Qe3 Qxe3 21. Rxe3 Ke7 22. Nb3 Nb6 23. f4 Nc4 24. Reh3 Rh7 25. Kc2 Kd7 26. Nd4 Rch8 27. b3 Na5 28. Nf3 f6 29. h5 Nc6 30. Nh4 Ne7 31. exf6 gxf6 32. Nxg6 Rg8 33. Nxe7 Kxe7 34. Rg1 Rhg7 35. h6 Rh7 36. Kd3 e5 37. fxe5 fxe5 38. c4 dxc4+ 39. Kxc4 Ke6 40. Rh5 Rg6 41. g5 Kf5 42. Kd3 Rd6+ 43. Ke3 Kg6 44. Rh2 Rhd7 45. Ke4 Rd4+ 46. Kxe5 R7d5+ 47. Ke6 Rd8 48. Ke5 Rd3 49. Ke4 R8d4+ 50. Ke5 1/2-1/2

[Event "Politiken Cup 36th"]
[Site "Helsingor"]
[Date "2014.07.26"]
[Round "7"]
[White "Undheim, Bjarne"]
[Black "Skjoldager, Per"]
[Result "0-1"]
[WhiteElo "1870"]
[BlackElo "2131"]
[PlyCount "54"]
[EventDate "2014.07.21"]
[EventType "swiss"]
[EventRounds "10"]
[EventCountry "DEN"]
[SourceTitle "CBM 161 Extra"]
[Source "ChessBase"]
[SourceDate "2014.08.29"]
[SourceVersion "1"]
[SourceVersionDate "2014.08.29"]
[SourceQuality "1"]

1. e4 c6 2. d4 d5 3. Nd2 dxe4 4. Nxe4 Bf5 5. Ng3 Bg6 6. Nf3 e6 7. Ne5 Bd6 8. Nxg6 hxg6 9. Ne4 Bc7 10. Bg5 Qd5 11. Qd3 Nd7 12. c4 Qf5 13. Bd2 Ngf6 14. f3 Nxe4 15. fxe4 Qg4 16. Be2 Rxh2 17. Bxg4 Rxh1+ 18. Kf2 Rxa1 19. Qb3 0-0-0 20. Bg5 f6 21. Be3 f5 22. Bh3 Nf6 23. exf5 gxf5 24. Ke2 Ne4 25. d5 cxd5 26. cxd5 Rxd5 27. Kf3 Rf1+ 0-1

[Event "Politiken Cup 36th"]
[Site "Helsingor"]
[Date "2014.07.24"]
[Round "5"]
[White "Beshukov, Sergei"]
[Black "Skjoldager, Per"]
[Result "1-0"]
[WhiteElo "2423"]
[BlackElo "2131"]
[PlyCount "75"]
[EventDate "2014.07.21"]
[EventType "swiss"]
[EventRounds "10"]
[EventCountry "DEN"]
[SourceTitle "CBM 161 Extra"]
[Source "ChessBase"]
[SourceDate "2014.08.29"]
[SourceVersion "1"]
[SourceVersionDate "2014.08.29"]
[SourceQuality "1"]

1. Nf3 Nf6 2. b3 d6 3. d4 Nbd7 4. Bb2 e6 5. g3 b6 6. Bg2 Bb7 7. 0-0 d5 8. c4 Be7 9. cxd5 exd5 10. Nc3 0-0 11. Qc2 Re8 12. Rfd1 Bf8 13. Rac1 c6 14. e3 Bd6 15. Ng5 h6 16. Nf3 Qe7 17. Re1 Rac8 18. Nd2 c5 19. dxc5 Nxc5 20. Bh3 d4 21. exd4 Qxe1+ 22. Rxe1 Rxe1+ 23. Nf1 Ncd7 24. Qd2 Rce8 25. Bg2 Ba6 26. a3 b5 27. Qd3 Nb6 28. Bf3 Bc8 29. Nxb5 Bb8 30. Bc3 Rc1 31. Qd2 Ree1 32. Qxe1 Rxe1 33. Bxe1 Be6 34. b4 Nbd5 35. Nc3 Bd6 36. Ne3 Nxe3 37. fxe3 Ng4 38. Bd2 1-0

[Event "Politiken Cup 36th"]
[Site "Helsingor"]
[Date "2014.07.22"]
[Round "2"]
[White "Skjoldager, Per"]
[Black "Fries Nielsen, Jens Ove"]
[Result "0-1"]
[WhiteElo "2131"]
[BlackElo "2398"]
[PlyCount "50"]
[EventDate "2014.07.21"]
[EventType "swiss"]
[EventRounds "10"]
[EventCountry "DEN"]
[SourceTitle "CBM 161 Extra"]
[Source "ChessBase"]
[SourceDate "2014.08.29"]
[SourceVersion "1"]
[SourceVersionDate "2014.08.29"]
[SourceQuality "1"]

1. e4 d6 2. d4 Nf6 3. Bd3 Nc6 4. c3 e5 5. Nf3 Bg4 6. d5 Ne7 7. h3 Bd7 8. Be3 Ng6 9. c4 Be7 10. Nc3 a5 11. Qd2 a4 12. Ne2 c5 13. Nc3 a3 14. 0-0 Nh5 15. Rfb1 Nhf4 16. b4 b6 17. bxc5 bxc5 18. Rb3 0-0 19. Ne2 Nxd3 20. Qxd3 f5 21. exf5 e4 22. Qc2 exf3 23. fxg6 fxe2 24. gxh7+ Kh8 25. Re1 Ba4 0-1

[Event "Politiken Cup 35th"]
[Site "Helsingor"]
[Date "2013.07.28"]
[Round "3"]
[White "Bekker Jensen, Simon"]
[Black "Skjoldager, Per"]
[Result "1-0"]
[WhiteElo "2414"]
[BlackElo "2136"]
[PlyCount "121"]
[EventDate "2013.07.27"]
[EventType "swiss"]
[EventRounds "10"]
[EventCountry "DEN"]
[SourceTitle "CBM 155 Extra"]
[Source "ChessBase"]
[SourceDate "2013.08.26"]
[SourceVersion "1"]
[SourceVersionDate "2013.08.26"]
[SourceQuality "1"]

1. d4 Nf6 2. c4 e6 3. Nc3 d5 4. cxd5 exd5 5. Bg5 Be7 6. e3 Nbd7 7. Bd3 0-0 8. Nf3 c6 9. Qc2 h6 10. Bh4 Re8 11. 0-0 Ne4 12. Bxe4 Bxh4 13. Bh7+ Kh8 14. Bd3 Bf6 15. b4 Nf8 16. b5 Bd7 17. bxc6 Bxc6 18. Bb5 Qd7 19. Bxc6 bxc6 20. Na4 Ne6 21. Rfc1 Rec8 22. Rab1 Rab8 23. Rxb8 Rxb8 24. h3 Rb4 25. Rb1 Rxb1+ 26. Qxb1 Qc7 27. Qc2 Qb7 28. Ne1 Be7 29. Nd3 Bd6 30. f4 Kg8 31. h4 Nd8 32. Kf2 Qe7 33. g3 g5 34. Qe2 Qe4 35. hxg5 hxg5 36. Nc3 Qg6 37. Ke1 gxf4 38. gxf4 Ne6 39. Kd2 a5 40. Ne5 Bxe5 41. fxe5 Ng5 42. Kc1 Ne4 43. Nxe4 Qxe4 44. Qd2 a4 45. Kb2 c5 46. dxc5 Qxe5+ 47. Qc3 Qc7 48. c6 f5 49. Qc5 d4 50. Qd5+ Kf8 51. Qxf5+ Ke7 52. Qh7+ Kd6 53. Qxc7+ Kxc7 54. exd4 Kxc6 55. a3 Kd6 56. Kc3 Kd5 57. Kd3 Kd6 58. Kc4 Kc6 59. Kb4 Kd5 60. Kxa4 Kxd4 61. Kb5 1-0

[Event "Copenhagen Bronshoj-ch"]
[Site "Copenhagen"]
[Date "2013.06.04"]
[Round "4"]
[White "Carstensen, Jacob"]
[Black "Skjoldager, Per"]
[Result "1-0"]
[WhiteElo "2385"]
[BlackElo "2125"]
[PlyCount "63"]
[EventDate "2013.02.28"]
[EventType "tourn"]
[EventRounds "9"]
[EventCountry "DEN"]
[SourceTitle "EXT 2016"]
[Source "ChessBase"]
[SourceDate "2015.10.08"]
[SourceVersion "1"]
[SourceVersionDate "2015.10.08"]
[SourceQuality "1"]

1. d4 Nf6 2. c4 e6 3. g3 d5 4. Nf3 b6 5. cxd5 exd5 6. Bg2 Bb7 7. 0-0 Be7 8. Nc3 0-0 9. Ne5 c6 10. e4 Na6 11. exd5 Nxd5 12. Nxd5 cxd5 13. Be3 Qd6 14. Re1 Nc7 15. Bf4 Qd8 16. Rc1 Ne6 17. Nxf7 Rxf7 18. Rxe6 Bg5 19. Bxg5 Qxg5 20. Re5 Qf6 21. Qe2 Raf8 22. Rc2 Qd6 23. Qb5 a6 24. Qb3 Rd8 25. Rce2 Rc7 26. Qe3 Rcc8 27. Re7 Bc6 28. Qg5 Qf6 29. Qxf6 gxf6 30. Bh3 Rb8 31. Rc7 Re8 32. Be6+ 1-0